Life skills : (Record no. 138567)

MARC details
000 -LEADER
fixed length control field 00549nam a22001817a 4500
005 - DATE AND TIME OF LATEST TRANSACTION
control field 20170330142721.0
010 ## - LCCN (DPL NO)
LC control number ENG-117650
020 ## - INTERNATIONAL STANDARD BOOK NUMBER
International Standard Book Number 9789382524472
Terms of availability 245.00
035 ## - SYSTEM CONTROL NUMBER
System control number EN-101182
037 ## - SOURCE OF ACQUISITION
Source of stock number/acquisition DABD/PUB
082 ## - DEWEY DECIMAL CLASSIFICATION NUMBER
Classification number 158.1
100 ## - MAIN ENTRY--PERSONAL NAME
Personal name Ganguli, Nivedita
245 ## - TITLE STATEMENT
Title Life skills :
Statement of responsibility, etc by Nevidita Ganguli
Remainder of title Journey of happiness
260 ## - PUBLICATION, DISTRIBUTION, ETC. (IMPRINT)
Place of publication, distribution, etc New Delhi
Name of publisher, distributor, etc The Book Line
Date of publication, distribution, etc 2017
270 ## - ADDRESS
Address 106,4787 23,Ist Floor,Ansari Road,Daryaganj
City New Delhi
Postal code 110002
300 ## - PHYSICAL DESCRIPTION
Extent 116p.
Dimensions 21cm(Pbk)
942 ## - ADDED ENTRY ELEMENTS (KOHA)
Source of classification or shelving scheme Dewey Decimal Classification
Item type English Books
Classification part 158.1
Call number suffix GAN
Holdings
Withdrawn status Lost status Not for loan Collection code Home library Current library Date acquired Source of acquisition Cost, normal purchase price Full call number Barcode Copy number Cost, replacement price Koha item type
      Non-fiction Patel Nagar Patel Nagar 30/03/2017 DBAD/PUB 245.00 158.1 GAN EN-101182 1 245.00 English Books

© Delhi Public Library
Hit Counter
free hit counter